[Event "1st FIDE World Online Women Blitz 2015"]
[Site "Rome ITA"]
[Date "2015.11.26"]
[Round "11"]
[White "Dzagnidze, Nana"]
[Black "Gunina, Valentina"]
[Result "1-0"]
[WhiteTitle "GM"]
[BlackTitle "GM"]
[WhiteElo "2566"]
[BlackElo "2516"]
[WhiteFideId "13601903"]
[BlackFideId "4167570"]
[EventDate "2015.11.26"]

1. d4 Nf6 2. c4 e6 3. Nf3 b6 4. Nc3 Bb7 5. Bg5 h6 6. Bh4 Be7 7. e3 g5 8. Bg3 Ne4
9. Bd3 f5 10. Qc2 Bb4 11. Nd2 Nxd2 12. Qxd2 Bxg2 13. Rg1 Bf3 14. Be2 Bxe2 15.
Qxe2 Qe7 16. Bxc7 Nc6 17. Qh5+ Kf8 18. Bg3 f4 19. exf4 Nxd4 20. fxg5 Qxg5 21.
Bd6+ Bxd6 22. Rxg5 Rc8 23. Rd1 Rxc4 24. Rg6 Nf5 25. Rf6+ Ke7 26. Qf7+ Kd8 27.
Rxf5 1-0

[Event "1st FIDE World Online Women Blitz 2015"]
[Site "Rome ITA"]
[Date "2015.11.26"]
[Round "12"]
[White "Vasilevich, Irina"]
[Black "Dzagnidze, Nana"]
[Result "1-0"]
[WhiteTitle "IM"]
[BlackTitle "GM"]
[WhiteElo "2305"]
[BlackElo "2566"]
[WhiteFideId "4141296"]
[BlackFideId "13601903"]
[EventDate "2015.11.26"]

1. b3 Nf6 2. Bb2 c5 3. e3 Nc6 4. d3 d5 5. Nd2 e5 6. a3 Be7 7. Be2 O-O 8. g4 Be6
9. g5 Nd7 10. h4 f6 11. Bg4 f5 12. Bh3 Qc7 13. Qe2 Rae8 14. c4 Bd6 15. O-O-O a6
16. Kb1 b5 17. cxd5 Bxd5 18. e4 Be6 19. g6 h6 20. Ngf3 Nd4 21. Nxd4 exd4 22. Rc1
Bf4 23. Bxd4 Qa5 24. Bc3 Qxa3 25. Bb2 Qa5 26. Rc2 fxe4 27. Bxe6+ Rxe6 28. Nxe4
Qb4 29. Qg4 Re7 30. Ka2 Qa5+ 31. Kb1 Qb4 32. Ka2 c4 33. dxc4 Rxe4 34. Qxd7 Qa5+
35. Kb1 bxc4 36. bxc4 Be5 37. Qd5+ Qxd5 38. cxd5 Rb4 39. Kc1 Bxb2+ 40. Rxb2 Rxb2
41. Kxb2 Rxf2+ 42. Kc3 Kf8 43. Re1 Rf6 44. h5 a5 45. Kc4 a4 46. Kc5 Rf2 47. Ra1
Rc2+ 48. Kd6 Rc4 49. Kd7 Rb4 50. Rf1+ Kg8 51. d6 Rb7+ 52. Ke6 Rb6 53. Rc1 Rb8
54. d7 1-0

[Event "1st FIDE World Online Women Blitz 2015"]
[Site "Rome ITA"]
[Date "2015.11.26"]
[Round "12"]
[White "Foisor, Sabina-Francesca"]
[Black "Harika, Dronavalli"]
[Result "0-1"]
[WhiteTitle "WGM"]
[BlackTitle "GM"]
[WhiteElo "2258"]
[BlackElo "2513"]
[WhiteFideId "1212915"]
[BlackFideId "5015197"]
[EventDate "2015.11.26"]

1. d4 e6 2. Nf3 Nf6 3. Bf4 d5 4. e3 Bd6 5. Bg3 O-O 6. Nbd2 c5 7. c3 Nc6 8. Bd3
Re8 9. Ne5 Bf8 10. O-O Nxe5 11. dxe5 Nd7 12. e4 d4 13. cxd4 cxd4 14. Nb3 Nc5 15.
Nxc5 Bxc5 16. Rc1 Bf8 17. Qb3 b6 18. Bb5 Bd7 19. Ba6 b5 20. Bb7 Rb8 21. Bc6 Bxc6
22. Rxc6 Qd7 23. Rfc1 Rec8 24. Rxc8 Rxc8 25. Rxc8 Qxc8 26. Qxb5 Qc1+ 27. Qf1 Qc2
28. Bf4 d3 29. Qc1 Qe2 30. Qd2 Bc5 31. Qxe2 dxe2 32. Bd2 Bd4 33. g3 Bxe5 34. b3
g5 35. h3 f5 36. exf5 exf5 37. g4 fxg4 38. hxg4 Bf4 39. Be1 h5 40. f3 Be3+ 41.
Kg2 h4 42. f4 Bxf4 43. Kf3 h3 44. Bf2 h2 45. Kg2 Kf7 46. b4 Ke6 47. Be1 Kd5 48.
a4 Kc4 49. b5 Bc7 50. Kh1 Kb3 51. a5 Kc2 52. b6 axb6 53. axb6 Bxb6 54. Kxh2 Kd1
55. Bb4 e1=Q 56. Bxe1 Kxe1 57. Kg3 Ke2 58. Kg2 Ke3 59. Kg3 Bc7+ 60. Kh3 Kf4 61.
Kg2 Kxg4 62. Kf2 Bb6+ 63. Kg2 Kh4 64. Kh2 Bc7+ 65. Kg2 g4 66. Kf2 Kh3 67. Kg1 g3
68. Kh1 g2+ 69. Kg1 Bb6# 0-1

[Event "1st FIDE World Online Women Blitz 2015"]
[Site "Rome ITA"]
[Date "2015.11.26"]
[Round "12"]
[White "Padmini, Rout"]
[Black "Gvetadze, Sofio"]
[Result "1-0"]
[WhiteTitle "IM"]
[BlackTitle "IM"]
[WhiteElo "2437"]
[BlackElo "2321"]
[WhiteFideId "5029295"]
[BlackFideId "13601440"]
[EventDate "2015.11.26"]

1. e4 c6 2. d4 g6 3. Nc3 Bg7 4. Be3 d5 5. e5 h5 6. Bd3 Bf5 7. Bxf5 gxf5 8. Nge2
e6 9. Nf4 h4 10. Qf3 Ne7 11. O-O-O Ng6 12. Nh5 Bh6 13. Nf6+ Kf8 14. g3 Bg7 15.
Nh5 h3 16. g4 fxg4 17. Qxg4 Qh4 18. Qxh4 Nxh4 19. Nxg7 Kxg7 20. Bg5 Nd7 21. Rd3
Ng6 22. Rg1 Rag8 23. Ne2 Kf8 24. Rgg3 Rh5 25. f4 Rgh8 26. Ng1 Nh4 27. Rxh3 Nf5
28. c3 f6 29. exf6 Kf7 30. Rxh5 Rxh5 31. Nf3 Nxf6 32. Ne5+ Kg7 33. h4 Ne4 34. c4
Rh7 35. cxd5 exd5 36. Rd1 Nxh4 37. Rg1 Nxg5 38. Rxg5+ Kf6 39. Ng4+ Kf7 40. f5
Nf3 41. Ne5+ Nxe5 42. dxe5 Rh2 43. Rg6 Rf2 44. e6+ Kf8 45. f6 Re2 46. f7 Ke7 47.
Rg8 Rf2 48. Re8+ 1-0

[Event "1st FIDE World Online Women Blitz 2015"]
[Site "Rome ITA"]
[Date "2015.11.26"]
[Round "12"]
[White "Nikolova, Adriana"]
[Black "Zimina, Olga"]
[Result "1-0"]
[WhiteTitle "WGM"]
[BlackTitle "IM"]
[WhiteElo "2337"]
[BlackElo "2364"]
[WhiteFideId "2908689"]
[BlackFideId "4132190"]
[EventDate "2015.11.26"]

1. e4 e5 2. Nf3 Nc6 3. Bb5 a6 4. Ba4 Nf6 5. O-O b5 6. Bb3 Bc5 7. c3 d6 8. d4 Bb6
9. a4 Rb8 10. axb5 axb5 11. Bg5 h6 12. Bd5 Bd7 13. Bh4 Qe7 14. Na3 b4 15. Nc4
bxc3 16. bxc3 O-O 17. Re1 g5 18. Bg3 g4 19. Nh4 exd4 20. Bxc6 Bxc6 21. Nf5 Qe6
22. Nxb6 Rxb6 23. Nxd4 Qc4 24. Bh4 Kg7 25. Nf5+ Kg6 26. Bxf6 Kxf6 27. Qxg4 Rbb8
28. Qh4+ Ke5 29. f4+ Ke6 30. Qe7# 1-0

[Event "1st FIDE World Online Women Blitz 2015"]
[Site "Rome ITA"]
[Date "2015.11.26"]
[Round "13"]
[White "Nikolova, Adriana"]
[Black "Vasilevich, Irina"]
[Result "0-1"]
[WhiteTitle "WGM"]
[BlackTitle "IM"]
[WhiteElo "2337"]
[BlackElo "2305"]
[WhiteFideId "2908689"]
[BlackFideId "4141296"]
[EventDate "2015.11.26"]

1. e4 c5 2. Nf3 e6 3. d4 cxd4 4. Nxd4 Nc6 5. Nb3 Qc7 6. Nc3 a6 7. Bd3 Nf6 8. O-O
b5 9. f4 d6 10. Qe2 Be7 11. a4 b4 12. Nd1 Bb7 13. Bd2 O-O 14. Ne3 Rfe8 15. c3 d5
16. exd5 exd5 17. Kh1 Bd6 18. Qf2 Ne4 19. Qh4 Ne7 20. f5 Nxd2 21. Nxd2 f6 22.
Rac1 Qb6 23. Ng4 bxc3 24. bxc3 Ba3 25. Rb1 Qc6 26. Rf3 d4 27. Rxb7 Qxb7 28. Rh3
dxc3 29. Qxh7+ Kf8 30. Nxf6 gxf6 31. Qh6+ Kf7 32. Bc4+ Nd5 33. Qh7+ Kf8 34. Qxb7
Ne7 35. Nb3 c2 36. Qf3 Ng8 0-1

[Event "1st FIDE World Online Women Blitz 2015"]
[Site "Rome ITA"]
[Date "2015.11.26"]
[Round "13"]
[White "Zimina, Olga"]
[Black "Padmini, Rout"]
[Result "1-0"]
[WhiteTitle "IM"]
[BlackTitle "IM"]
[WhiteElo "2364"]
[BlackElo "2437"]
[WhiteFideId "4132190"]
[BlackFideId "5029295"]
[EventDate "2015.11.26"]

1. Nf3 d5 2. c4 d4 3. e3 dxe3 4. fxe3 Nf6 5. Be2 c5 6. d4 cxd4 7. exd4 Bg4 8.
O-O e6 9. Nc3 Be7 10. Be3 O-O 11. Ne5 Bxe2 12. Qxe2 Nbd7 13. Nf3 Rc8 14. Kh1 Qc7
15. Nd2 a6 16. Rac1 Bd6 17. Bg1 Rfe8 18. Nce4 Bf8 19. Rc3 Nxe4 20. Nxe4 f5 21.
Ng5 Nf6 22. Nxe6 Qd6 23. d5 b5 24. Rxf5 bxc4 25. Rxc4 Nxd5 26. Rxc8 Rxc8 27. Qg4
g6 28. h4 Be7 29. h5 Nf6 30. Rxf6 Bxf6 31. hxg6 h6 32. Nc5 Re8 33. Qc4+ Kg7 34.
Qf7+ 1-0

[Event "1st FIDE World Online Women Blitz 2015"]
[Site "Rome ITA"]
[Date "2015.11.26"]
[Round "13"]
[White "Gvetadze, Sofio"]
[Black "Foisor, Sabina-Francesca"]
[Result "1/2-1/2"]
[WhiteTitle "IM"]
[BlackTitle "WGM"]
[WhiteElo "2321"]
[BlackElo "2258"]
[WhiteFideId "13601440"]
[BlackFideId "1212915"]
[EventDate "2015.11.26"]

1. e4 e5 2. Nf3 Nc6 3. Bb5 a6 4. Ba4 Nf6 5. d3 Be7 6. Nbd2 d6 7. c3 O-O 8. Nf1
b5 9. Bc2 Na5 10. Ng3 c5 11. O-O Re8 12. a4 Rb8 13. axb5 axb5 14. h3 Bf8 15. Nh2
Nc6 16. f4 Qc7 17. fxe5 dxe5 18. Rxf6 gxf6 19. Nh5 Qd6 20. Ng4 Bxg4 21. Qxg4+
Kh8 22. Be3 Qe6 23. Qf3 Be7 24. Ng3 Rg8 25. Nf5 Bf8 26. Kh1 Ne7 27. Bxc5 Nxf5
28. exf5 Qc8 29. Bf2 Qb7 30. Bh4 Bg7 31. Qf2 Ra8 32. Re1 b4 33. Bd1 Ra2 34. Bf3
Qd7 35. cxb4 Qxd3 36. Rd1 Qxf5 37. Qe2 Qf4 38. Be1 Bf8 39. Bd2 Qg3 40. Bc3 Ra7
41. Be4 Rc7 42. Qh5 Qg7 43. Rd3 Qh6 44. Qf3 Qc1+ 45. Kh2 Qg5 46. Bd2 Qg7 47. Qf5
Be7 48. Be1 Qg6 49. Qf3 Qh6 50. Bd2 Qg7 51. Be1 Rd8 52. Rc3 Rxc3 53. bxc3 Qg5
54. Bg3 Bf8 55. Qf2 Bg7 56. Bh4 Qd2 57. Qf5 Qf4+ 58. Qxf4 exf4 59. c4 Re8 60.
Bd5 Kg8 61. b5 f5 62. b6 Be5 63. Bf3 Bd6 64. Bf6 Rc8 65. b7 Rxc4 66. Be7 Bb8 67.
Bf6 Rb4 68. Be7 Rb2 69. Bf6 Rb6 70. Bd4 Rb4 71. Bc5 Rb5 72. Bd4 Kf8 73. Bf6 Rb6
74. Bd8 Rd6 75. Bg5 Re6 76. Bd8 Ke8 77. Ba5 Ra6 78. Bc3 Kd7 79. h4 Ke6 80. h5
Ra3 81. Bb4 Rb3 82. Bc5 Rb5 83. Bd4 Rb4 84. Bc5 Rb5 85. Bd4 Rb4 86. Bc3 Rb3 87.
Bd2 Rd3 88. Ba5 Ra3 89. Bb4 Rb3 90. Bc5 Rb5 1/2-1/2

[Event "1st FIDE World Online Women Blitz 2015"]
[Site "Rome ITA"]
[Date "2015.11.26"]
[Round "13"]
[White "Harika, Dronavalli"]
[Black "Gunina, Valentina"]
[Result "1/2-1/2"]
[WhiteTitle "GM"]
[BlackTitle "GM"]
[WhiteElo "2513"]
[BlackElo "2516"]
[WhiteFideId "5015197"]
[BlackFideId "4167570"]
[EventDate "2015.11.26"]

1. Nf3 d5 2. c4 c6 3. g3 Nf6 4. Bg2 e6 5. O-O Bd6 6. Qc2 O-O 7. d4 Nbd7 8. Nbd2
b6 9. e4 dxe4 10. Nxe4 Nxe4 11. Qxe4 Bb7 12. Bg5 Qc7 13. Rad1 Rae8 14. Rfe1 c5
15. Qe2 e5 16. dxe5 Nxe5 17. Nxe5 Rxe5 18. Qd2 Bxg2 19. Kxg2 Qc6+ 20. Kg1 Rfe8
21. Rxe5 Bxe5 22. Be3 h6 23. b3 Qf3 24. Qd5 Qg4 25. Kg2 Bd4 26. Qf3 Qd7 27. Bxd4
cxd4 28. Qd5 Qxd5+ 29. cxd5 Re4 30. Kf1 Kf8 31. f3 Re5 32. Rxd4 Ke7 33. f4 Rh5
34. Rc4 Kd7 35. h4 Rxd5 36. Ke2 Ra5 37. a4 Kd6 38. Ke3 Rd5 39. g4 h5 40. g5 b5
41. axb5 Rxb5 42. b4 a5 43. bxa5 Rxa5 44. Rc3 Ke6 45. Kf3 Kf5 46. Kg3 Rb5 47.
Ra3 Rd5 48. Rc3 Ke4 49. Rc7 Rd3+ 50. Kg2 f5 51. Rxg7 Kxf4 52. Rf7 Kg4 53. g6
Kxh4 54. g7 Rg3+ 55. Kh2 Rg5 56. Rxf5 Rxg7 57. Rf4+ Rg4 58. Rf3 Ra4 59. Rf2 Ra3
60. Rb2 1/2-1/2

[Event "1st FIDE World Online Women Blitz 2015"]
[Site "Rome ITA"]
[Date "2015.11.26"]
[Round "14"]
[White "Dzagnidze, Nana"]
[Black "Harika, Dronavalli"]
[Result "1-0"]
[WhiteTitle "GM"]
[BlackTitle "GM"]
[WhiteElo "2566"]
[BlackElo "2513"]
[WhiteFideId "13601903"]
[BlackFideId "5015197"]
[EventDate "2015.11.26"]

1. d4 g6 2. Nf3 Bg7 3. g3 Nf6 4. Bg2 O-O 5. O-O d6 6. Nc3 Nbd7 7. Bg5 h6 8. Bf4
Re8 9. Qc1 Kh7 10. Rd1 c6 11. e4 Qc7 12. e5 Nh5 13. exd6 exd6 14. Be3 d5 15. h3
Nf8 16. g4 Nf6 17. Bf4 Qd8 18. Ne5 Be6 19. Qd2 N6d7 20. Re1 Nxe5 21. Bxe5 Nd7
22. Bxg7 Kxg7 23. Re2 Qh4 24. Rae1 Nf8 25. Na4 b6 26. c4 Red8 27. c5 b5 28. Nc3
Re8 29. Qd3 Bd7 30. Rxe8 Rxe8 31. Rxe8 Bxe8 32. Qe3 Ne6 33. Ne2 Qf6 34. b4 Bd7
35. f4 Kf8 36. Bf3 Ng7 37. Kg2 h5 38. Qa3 hxg4 39. hxg4 Ne6 40. Qxa7 Be8 41. Qb8
Nxd4 42. g5 Qh8 43. Qd6+ Kg8 44. Qe7 Kh7 45. Nxd4 Qxd4 46. Qxe8 Qxf4 47. Qe7
Qd2+ 48. Kg3 Kg7 49. Qe5+ 1-0

[Event "1st FIDE World Online Women Blitz 2015"]
[Site "Rome ITA"]
[Date "2015.11.26"]
[Round "14"]
[White "Gunina, Valentina"]
[Black "Gvetadze, Sofio"]
[Result "1-0"]
[WhiteTitle "GM"]
[BlackTitle "IM"]
[WhiteElo "2516"]
[BlackElo "2321"]
[WhiteFideId "4167570"]
[BlackFideId "13601440"]
[EventDate "2015.11.26"]

1. d4 Nf6 2. c4 e6 3. Nf3 d5 4. Nc3 c5 5. cxd5 exd5 6. g3 Nc6 7. Bg2 Be7 8. O-O
O-O 9. a3 c4 10. Bf4 Be6 11. Ne5 Rc8 12. Rc1 Na5 13. Qc2 Qb6 14. Rcd1 Nb3 15. e3
h6 16. h4 Rfd8 17. Bf3 Qa5 18. Kg2 b5 19. g4 b4 20. axb4 Bxb4 21. g5 hxg5 22.
hxg5 Ne4 23. Nxe4 dxe4 24. Bxe4 Bd5 25. Rh1 Nd2 26. Bxd5 Qxd5+ 27. f3 g6 28.
Rxd2 Bxd2 29. Qxd2 c3 30. bxc3 Qb3 31. c4 a5 32. d5 Rb8 33. Kg3 Qb2 34. Qxa5 Qe2
35. Qc7 Rf8 36. Nd7 Rfc8 37. Nf6+ Kf8 38. Qd6+ 1-0

[Event "1st FIDE World Online Women Blitz 2015"]
[Site "Rome ITA"]
[Date "2015.11.26"]
[Round "14"]
[White "Foisor, Sabina-Francesca"]
[Black "Zimina, Olga"]
[Result "1/2-1/2"]
[WhiteTitle "WGM"]
[BlackTitle "IM"]
[WhiteElo "2258"]
[BlackElo "2364"]
[WhiteFideId "1212915"]
[BlackFideId "4132190"]
[EventDate "2015.11.26"]

1. d4 d5 2. c4 c6 3. Nc3 Nf6 4. Nf3 dxc4 5. a4 Bf5 6. e3 e6 7. Bxc4 Bb4 8. O-O
O-O 9. Qe2 Ne4 10. Nxe4 Bxe4 11. Rd1 Nd7 12. Bd2 Bd6 13. Bd3 Nf6 14. Be1 Qc7 15.
Bxe4 Nxe4 16. b4 Qe7 17. b5 c5 18. Qd3 Ng5 19. Nxg5 Qxg5 20. dxc5 Bxc5 21. Qd7
Rab8 22. Qc7 h5 23. Rac1 Rfc8 24. Qg3 Qxg3 25. hxg3 Ba3 26. Ra1 Bb2 27. Rab1 Rc2
28. Rd2 Rxd2 29. Bxd2 Bf6 30. Kf1 Rd8 31. Ke2 g6 32. Rc1 Rd7 33. Rc8+ Kg7 34.
Ra8 b6 35. Rc8 Be5 36. f4 Bf6 37. Ra8 Rc7 38. Kd3 Rd7+ 39. Ke2 Rc7 40. Kd3 Rd7+
41. Ke2 1/2-1/2

[Event "1st FIDE World Online Women Blitz 2015"]
[Site "Rome ITA"]
[Date "2015.11.26"]
[Round "14"]
[White "Padmini, Rout"]
[Black "Nikolova, Adriana"]
[Result "1-0"]
[WhiteTitle "IM"]
[BlackTitle "WGM"]
[WhiteElo "2437"]
[BlackElo "2337"]
[WhiteFideId "5029295"]
[BlackFideId "2908689"]
[EventDate "2015.11.26"]

1. e4 d5 2. exd5 Qxd5 3. Nc3 Qd8 4. d4 Nf6 5. Nf3 Bg4 6. Be2 c6 7. h3 Bxf3 8.
Bxf3 e6 9. a3 Nbd7 10. Bf4 Be7 11. O-O O-O 12. Re1 Nd5 13. Nxd5 cxd5 14. c3 Bf6
15. Be2 Nb6 16. Bd3 Rc8 17. a4 Nc4 18. Qc2 h6 19. b3 Nd6 20. Be5 b6 21. Ba6 Rc6
22. Bb5 Rc7 23. Qb2 Bxe5 24. dxe5 Ne4 25. c4 Nc5 26. cxd5 exd5 27. Rad1 a6 28.
Bf1 Ne6 29. Qd2 d4 30. Bxa6 Qg5 31. Qxg5 hxg5 32. Bc4 Rd8 33. Re4 Rcd7 34. g3 d3
35. Kg2 Nc5 36. Re3 Rd4 37. Rd2 Kf8 38. Rf3 R8d7 39. e6 Re7 40. Rxf7+ Rxf7 41.
exf7 Ke7 42. Kf3 Rd6 43. Ke3 Kf8 44. f4 gxf4+ 45. gxf4 Rh6 46. Rh2 Rg6 47. f5
Rg3+ 48. Kf4 Rg1 49. Rd2 Rf1+ 50. Ke5 Re1+ 51. Kd5 Kxf7 52. Kc6+ Kf6 53. Kxb6
Ne4 54. Rxd3 Kxf5 55. a5 Nf6 56. a6 Re8 57. a7 g5 58. Ba6 Ne4 59. Bb7 Re6+ 60.
Kb5 Re5+ 61. Kb4 Re8 62. a8=Q Rxa8 63. Bxa8 Nf6 64. Kc5 Ke5 65. b4 Nh5 66. b5
Nf4 67. Re3+ Kf5 68. b6 Ne6+ 69. Rxe6 Kxe6 70. b7 g4 71. hxg4 1-0

[Event "1st FIDE World Online Women Blitz 2015"]
[Site "Rome ITA"]
[Date "2015.11.26"]
[Round "15"]
[White "Padmini, Rout"]
[Black "Vasilevich, Irina"]
[Result "1/2-1/2"]
[WhiteTitle "IM"]
[BlackTitle "IM"]
[WhiteElo "2437"]
[BlackElo "2305"]
[WhiteFideId "5029295"]
[BlackFideId "4141296"]
[EventDate "2015.11.26"]

1. e4 c5 2. Nf3 e6 3. d4 cxd4 4. Nxd4 Nc6 5. Nc3 Qc7 6. Be3 a6 7. Be2 Nf6 8. O-O
Bb4 9. Na4 Bd6 10. Nxc6 dxc6 11. Nb6 Rb8 12. Nc4 Bxh2+ 13. Kh1 b5 14. g3 bxc4
15. Kxh2 h5 16. Qd4 e5 17. Qxc4 h4 18. Rh1 Be6 19. Qa4 Rxb2 20. Bg5 hxg3+ 21.
Kxg3 Rxh1 22. Rxh1 Qd6 23. Bxf6 gxf6 24. Qxa6 Ke7 25. Qa7+ Bd7 26. Rd1 Qe6 27.
Rxd7+ Qxd7 28. Qa3+ Ke8 29. Qxb2 Qd2 30. Qb8+ Ke7 31. Qa7+ Kf8 32. Bd3 Qf4+ 33.
Kg2 Qg4+ 34. Kh2 Qh4+ 35. Kg1 Qg4+ 36. Kf1 Qd1+ 37. Kg2 Qg4+ 38. Kh2 Qh4+ 39.
Kg2 Qg4+ 1/2-1/2

[Event "1st FIDE World Online Women Blitz 2015"]
[Site "Rome ITA"]
[Date "2015.11.26"]
[Round "15"]
[White "Nikolova, Adriana"]
[Black "Foisor, Sabina-Francesca"]
[Result "1-0"]
[WhiteTitle "WGM"]
[BlackTitle "WGM"]
[WhiteElo "2337"]
[BlackElo "2258"]
[WhiteFideId "2908689"]
[BlackFideId "1212915"]
[EventDate "2015.11.26"]

1. e4 e5 2. Nf3 Nc6 3. Bb5 a6 4. Ba4 Nf6 5. O-O Be7 6. Re1 O-O 7. h3 b5 8. Bb3
d6 9. c3 Na5 10. Bc2 c5 11. d4 Qc7 12. Nbd2 cxd4 13. cxd4 Rd8 14. Nf1 exd4 15.
Nxd4 d5 16. e5 Ne4 17. Bxe4 dxe4 18. Rxe4 Bf5 19. Rf4 Qxe5 20. Be3 Bg6 21. Qg4
Rac8 22. Nf5 Bf8 23. Bb6 h5 24. Qg5 Nc6 25. Bxd8 Rxd8 26. Rc1 Qe8 27. Rxc6 Bxf5
28. Rxf5 Be7 29. Qc1 g6 30. Rf3 Qd7 31. Rc7 Qd6 32. Rc8 1-0

[Event "1st FIDE World Online Women Blitz 2015"]
[Site "Rome ITA"]
[Date "2015.11.26"]
[Round "15"]
[White "Zimina, Olga"]
[Black "Gunina, Valentina"]
[Result "1-0"]
[WhiteTitle "IM"]
[BlackTitle "GM"]
[WhiteElo "2364"]
[BlackElo "2516"]
[WhiteFideId "4132190"]
[BlackFideId "4167570"]
[EventDate "2015.11.26"]

1. Nf3 d5 2. c4 c6 3. g3 Nf6 4. Bg2 Bg4 5. Ne5 Bh5 6. cxd5 cxd5 7. Nc3 e6 8. g4
Bg6 9. h4 Bd6 10. d4 h5 11. Nxg6 fxg6 12. g5 Ng4 13. Rh3 Qc7 14. Bd2 a6 15. Qa4+
Kf7 16. Nxd5 exd5 17. Bxd5+ Ke7 18. Rf3 Rf8 19. Rc1 Qd7 20. Qb3 1-0

[Event "1st FIDE World Online Women Blitz 2015"]
[Site "Rome ITA"]
[Date "2015.11.26"]
[Round "15"]
[White "Gvetadze, Sofio"]
[Black "Dzagnidze, Nana"]
[Result "0-1"]
[WhiteTitle "IM"]
[BlackTitle "GM"]
[WhiteElo "2321"]
[BlackElo "2566"]
[WhiteFideId "13601440"]
[BlackFideId "13601903"]
[EventDate "2015.11.26"]

1. e4 c5 2. Nf3 a6 3. c4 Nc6 4. Nc3 Nf6 5. Be2 g6 6. d4 cxd4 7. Nxd4 d6 8. Nc2
Bg7 9. Be3 Be6 10. Rc1 O-O 11. O-O Ne5 12. b3 Rc8 13. Nd4 Bd7 14. f3 Qa5 15. Qd2
Rfe8 16. Rfd1 h5 17. Kh1 Kh7 18. Qe1 Kg8 19. Bf1 Kh7 20. Qd2 h4 21. Qf2 h3 22.
gxh3 b5 23. f4 Nc6 24. Nf3 b4 25. Ng5+ Kg8 26. Nd5 Nd8 27. Qh4 Ne6 28. Nxf6+
exf6 29. Qh7+ Kf8 30. Nf3 Bc6 31. Bd3 Qxa2 32. Rb1 Nc5 33. Bxc5 dxc5 34. Re1
Rcd8 35. Rbd1 Qxb3 0-1

[Event "1st FIDE World Online Women Blitz 2015"]
[Site "Rome ITA"]
[Date "2015.11.26"]
[Round "16"]
[White "Vasilevich, Irina"]
[Black "Harika, Dronavalli"]
[Result "0-1"]
[WhiteTitle "IM"]
[BlackTitle "GM"]
[WhiteElo "2305"]
[BlackElo "2513"]
[WhiteFideId "4141296"]
[BlackFideId "5015197"]
[EventDate "2015.11.26"]

1. b3 e5 2. Bb2 Nc6 3. e3 d6 4. d3 g6 5. Nd2 Bg7 6. Be2 Be6 7. a3 f5 8. c4 Nf6
9. Qc2 O-O 10. Ngf3 h6 11. O-O Bf7 12. b4 g5 13. c5 Ne7 14. cxd6 cxd6 15. Rfc1
Rc8 16. Qa4 a6 17. Rxc8 Nxc8 18. Rc1 Be6 19. b5 Qd7 20. d4 e4 21. Ne1 Nd5 22.
Qa5 axb5 23. Bxb5 Qf7 24. Bc4 Ncb6 25. Bb3 Kh7 26. Nc2 Qg6 27. Nb4 Nxb4 28. axb4
Bxb3 29. Nxb3 d5 30. Rc7 Nc4 31. Qa2 f4 32. exf4 gxf4 33. Nc5 f3 34. g3 Qg4 35.
Qb1 Nd2 36. Rxg7+ Kxg7 37. Qc1 Qh3 38. Ne6+ Kg8 39. Nf4 Rxf4 0-1

[Event "1st FIDE World Online Women Blitz 2015"]
[Site "Rome ITA"]
[Date "2015.11.26"]
[Round "16"]
[White "Dzagnidze, Nana"]
[Black "Zimina, Olga"]
[Result "1-0"]
[WhiteTitle "GM"]
[BlackTitle "IM"]
[WhiteElo "2566"]
[BlackElo "2364"]
[WhiteFideId "13601903"]
[BlackFideId "4132190"]
[EventDate "2015.11.26"]

1. d4 d5 2. c4 c6 3. cxd5 cxd5 4. Nc3 Nc6 5. Bf4 Nf6 6. e3 a6 7. Bd3 Bg4 8. Nge2
e6 9. Rc1 Bd6 10. Bg5 O-O 11. O-O Rc8 12. Qd2 Bh5 13. Nf4 Bxf4 14. Bxf4 Bg6 15.
Na4 Bxd3 16. Qxd3 Ne4 17. f3 Nd6 18. Nc5 Na5 19. b3 Qe7 20. Qd2 Qd8 21. Bxd6
Qxd6 22. Qxa5 b6 23. Nb7 Qe7 24. Qxb6 Rb8 25. Rc7 Qg5 26. f4 Qg6 27. Qc5 h5 28.
Nd6 h4 29. h3 Qg3 30. Qc3 Rbd8 31. Nb7 Rb8 32. Nc5 Rfc8 33. Rxc8+ Rxc8 34. Qe1
Qg6 35. Qxh4 a5 36. Qf2 1-0

[Event "1st FIDE World Online Women Blitz 2015"]
[Site "Rome ITA"]
[Date "2015.11.26"]
[Round "16"]
[White "Gunina, Valentina"]
[Black "Nikolova, Adriana"]
[Result "0-1"]
[WhiteTitle "GM"]
[BlackTitle "WGM"]
[WhiteElo "2516"]
[BlackElo "2337"]
[WhiteFideId "4167570"]
[BlackFideId "2908689"]
[EventDate "2015.11.26"]

1. d4 d5 2. c4 c6 3. Nf3 Nf6 4. Nc3 dxc4 5. a4 Bf5 6. Ne5 Nbd7 7. Nxc4 Qc7 8. g3
e5 9. dxe5 Nxe5 10. Bf4 Nfd7 11. Bg2 g5 12. Nxe5 gxf4 13. Nxd7 Bxd7 14. Qd4 Rg8
15. O-O Bg7 16. Qe4+ Qe5 17. Qb4 fxg3 18. hxg3 O-O-O 19. a5 Bf8 20. Qa4 Bc5 21.
e3 Rg4 22. Qc2 Rxg3 23. fxg3 Bxe3+ 24. Rf2 Qxg3 25. Ne4 Qg6 26. Re1 Bd4 27. Rd1
Bh3 28. Rxd4 Rxd4 29. Rf6 Qxg2+ 30. Qxg2 Bxg2 31. Nd6+ Kd7 32. Nf5 Rd2 33. Rxf7+
Ke6 34. Nh6 Bd5 35. Rxb7 Rg2+ 36. Kf1 Rh2 37. Ng4 Rc2 0-1

[Event "1st FIDE World Online Women Blitz 2015"]
[Site "Rome ITA"]
[Date "2015.11.26"]
[Round "16"]
[White "Foisor, Sabina-Francesca"]
[Black "Padmini, Rout"]
[Result "1-0"]
[WhiteTitle "WGM"]
[BlackTitle "IM"]
[WhiteElo "2258"]
[BlackElo "2437"]
[WhiteFideId "1212915"]
[BlackFideId "5029295"]
[EventDate "2015.11.26"]

1. d4 Nf6 2. Nf3 g6 3. b4 Bg7 4. Bb2 O-O 5. Nbd2 d5 6. e3 a5 7. b5 a4 8. a3 c6
9. c4 cxb5 10. cxb5 Bg4 11. Bd3 Nbd7 12. O-O Qa5 13. h3 Bxf3 14. Nxf3 Rfc8 15.
Qd2 Nb6 16. Rfc1 Nc4 17. Bxc4 dxc4 18. Qxa5 Rxa5 19. Nd2 Rxb5 20. Rab1 Nd5 21.
Rxc4 Rxc4 22. Nxc4 Nb6 23. Nd2 e6 24. Bc3 Rxb1+ 25. Nxb1 Nd5 26. Bd2 Bf8 27. Kf1
f5 28. Ke2 b5 29. Kd3 Kf7 30. f3 Nb6 31. Nc3 Bxa3 32. Nxb5 Be7 33. Ba5 Nd5 34.
Nc3 a3 35. Nxd5 exd5 36. Bc3 Ke6 37. Kc2 f4 38. exf4 Kf5 39. Bd2 Bf6 40. g4+ Ke6
41. Be3 Be7 42. Kb3 Bf8 43. Bc1 Bg7 44. Be3 Bf8 45. Bd2 Bg7 46. Bc3 Bf8 47. Bd2
Be7 48. Bc1 Bf6 49. Kc3 Be7 50. Kb3 Bf8 51. Bxa3 Bg7 52. Bb2 Bh6 53. Bc1 Bg7 54.
Be3 Bf8 55. Ka4 Kd7 56. Kb5 Bd6 57. Bd2 Bf8 58. Bb4 Bg7 59. Bc3 Bf8 60. Kb6 Bd6
61. Bd2 Be7 62. Kb7 Bd6 63. Kb6 Be7 64. Kb5 Bd6 65. Bc1 Be7 66. Bb2 Bd6 67. Bc1
Be7 68. Bd2 Bd6 69. f5 gxf5 70. gxf5 Be7 71. Bf4 Bf8 72. Be5 Be7 73. f6 Bf8 74.
f4 Ba3 75. f5 Bf8 76. f7 h5 77. Kb6 Ke7 78. Kc6 Kxf7 79. Kxd5 Ba3 80. Ke4 Bb4
81. Kd5 Ba3 82. Kc6 Bb2 83. Kd6 Ba3+ 84. Kd5 Bb4 85. Kc4 Ba3 86. d5 Be7 87. d6
Bd8 88. Kd5 Bg5 89. Kc6 Ke8 90. Kc7 Bd8+ 91. Kc8 Ba5 92. Bf6 Kf7 93. Bh4 1-0